| 000 | 00802nas a2200265 4500 | ||
|---|---|---|---|
| 001 | BR9503981 | ||
| 003 | BR-BrBNA | ||
| 005 | 20231205094129.0 | ||
| 007 | ta | ||
| 008 | 230509b bl.|||p| |||| 00| 00por d | ||
| 040 |
_aBR-BrBNA _bpor _cBiblioteca Nacional de Agricultura |
||
| 041 | _a(Pt) | ||
| 072 | _aL73 | ||
| 100 | 1 | _aResende, J. | |
| 100 | 1 | _aVale Filho, V.R. do | |
| 100 | 1 | _aMegale, F. | |
| 100 | 1 | _aGarcia, O. de S. | |
| 245 | 1 | _aPrevalencia de cisto de corpo luteo em vacas azebuadas, abatidas em matadouro | |
| 650 | _aVaca | ||
| 650 | _aCisto | ||
| 650 | _aOvario | ||
| 773 | 0 |
_tArquivos da Escola de Veterinaria da Universidade Federal de Minas Gerais (Brazil) _x _g(1972), v. 24(2) p. 116-124 _wBR9503981 |
|
| 909 |
_a202311 _bLúcia _c55 _dLúcia Elande |
||
| 942 |
_2AGRIS _n0 _cANA |
||
| 999 |
_c142250 _d142250 |
||